| 000 | 04027nam a2200469 a 4500 | ||
|---|---|---|---|
| 003 | CHAP | ||
| 005 | 20241007135022.0 | ||
| 007 | cr ||||||a|c|a | ||
| 008 | 101119s2010 mx r 00010 spa d | ||
| 035 | _a111547 | ||
| 040 | _cCHAP | ||
| 090 | _aTesis | ||
| 100 | 1 |
_aMagdaleno Aguilar, Xanitzio Iván _969820 |
|
| 245 | 1 | 0 |
_aFluctuación poblacional del ácaro del vaneo del arroz (Steneotarsonemus spinki Smiley) en los municipios de Palizada y Carmen, Campeche _c/por Xanitzio Iván Magdaleno Aguilar: director de tesis Ma. del Carmen Sánchez Gálvez. |
| 264 |
_aChapingo, Méx. : _bEl autor, _c2010. |
||
| 300 |
_a1 recurso en línea (95 páginas): _bcuadros, figuras. |
||
| 336 |
_2rdacontent _atexto _btxt |
||
| 337 |
_2rdamedia _acomputadora _bc |
||
| 338 |
_2rdacarrier _arecursos en línea _bcr |
||
| 502 |
_bIAEPA _cParasitología _d2010. _gLIC |
||
| 520 | _aEl ácaro del vaneo del arroz (Steneotarsonemus spinki Smiley) se reportó por primera vez en México en el año 2006, a la fecha se carece de información acerca de su biología, pérdida del rendimiento y niveles de resistencia de las variedades. Con la intención de aportar información sobre estos aspectos, se realizó la presente investigación en los municipios de Palizada y Carmen, Campeche, con los objetivos de corroborar la especie del ácaro, conocer su fluctuación poblacional a través del año y en diferentes etapas de desarrollo del cultivo, así como tener evidencias de los niveles de resistencia de las variedades sembradas en mayor superficie. Durante los años 2008 y 2009 se realizaron muestreos en plantas de arroz infestadas de las variedades “Delgado Americano” y “Milagro Filipino” para conocer el grado de infestación; se obtuvo información climática de la zona y se colectaron especímenes del ácaro en plantas donde se observaron síntomas de vaneo. Los datos numéricos de los muestreos y la información climática se graficaron para conocer la relación entre el Porcentaje de Infestación Media Semanal (%IMS) y los factores climáticos y fases de desarrollo de la planta de arroz. Se corroboró que la especie de ácaro colectado en los municipios en estudio es Steneotarsonemus spinki (Smiley). Se obtuvieron los siguientes coeficientes de correlación entre el %IMS con los diferentes factores climáticos: Temperatura media (C°) = -0.1226; Humedad relativa (%) = 0.1213; Precipitación (mm)= 0.022; Velocidad del viento máxima (Km/h) = 0.1978; Radiación global acumulada (W/m2) = -0.0429. La correlación más importante se obtuvo entre el %IMS y la fase de desarrollo de la planta de arroz, la cual fue de 0.989, lo que indicó que las poblaciones del ácaro se incrementan en los estados más avanzados de desarrollo del cultivo. Siendo las etapas más afectadas la fase de maduración y las etapas de floración y grano lechoso. Se observó una notable diferencia en el nivel de resistencia o de preferencia entre las variedades “Milagro Filipino” y “Delgado Americano”, pues presentaron un %IMS anual máximo de 60 y 12.03, respectivamente. | ||
| 590 |
_aALEPH _b10 _c20130110 |
||
| 590 |
_aBATCH-UPD _b10 _c20130110 |
||
| 590 |
_aBATCH-UPD _b10 _c20130410 |
||
| 590 |
_aBATCH-UPD _b10 _c20130914 |
||
| 590 |
_aBATCH-UPD _b10 _c20140324 |
||
| 590 |
_aBATCH-UPD _b10 _c20141002 |
||
| 590 |
_aCONVERSION _b10 _c20130109 |
||
| 650 | 1 | 4 | _aÁcaros. |
| 650 | 1 | 4 |
_aArroz _xCampeche. _97577 |
| 650 | 1 | 4 |
_aArroz _xPlagas. _97643 |
| 650 | 1 | 4 |
_aPlantas _xEnfermedades. _988828 |
| 700 | 1 |
_aSánchez Gálvez, Ma. del Carmen _9164748 _eDirector de tesis. |
|
| 856 |
_uhttp://10.13.5.2/tesis/111547.pdf _zDESCARGAR PDF |
||
| 901 | _aBK | ||
| 942 |
_cTD _2Clasificación Universidad Autónoma Chapingo |
||
| 949 |
_aTesis _bBC _cTES _d33724002222629 _eTS1 _gDonaciØn _h51487 _i111547 _sb |
||
| 949 |
_aTesis _bBC _cTES _d33724002222660 _eTS2 _fc.2 _gDonaciØn _h51488 _i111547 _sb |
||
| 949 |
_aTesis _bBC _cTES _d33724002222702 _eTS2 _fc.3 _gDonaciØn _h51489 _i111547 _sb |
||
| 999 |
_c99889 _d99889 |
||